Pemikiran kreatif

Bibliographic Details
Main Author: Maimunah Osman
Format: Book
Published: Kuala Lumpur : Institut Tadbiran Awam Negara , 2005
Series:Siri pengurusan INTAN
Subjects:

MARC

LEADER 00000cam a2200000 7i4500
001 0000019323
005 20070601.0
020 |a 9833109004 
040 |a INS 
090 0 0 |a BF441   |b M35 2005 
100 1 |a Maimunah Osman 
245 1 0 |a Pemikiran kreatif   |c Maimunah Osman 
260 |a Kuala Lumpur :   |b Institut Tadbiran Awam Negara ,   |c 2005 
300 |a ix, 156ms. ;   |c 21 cm. 
440 0 |a Siri pengurusan INTAN 
504 |a Bibliografi: ms. 155 - 156 
650 0 0 |a Creative thinking 
650 0 0 |a Critikal thinking 
650 0 0 |a Thought and thinking 
999 |a 0000018614   |b BOOK   |c Open Shelf   |e Default branch